|
|
|
|
| LEADER |
00000cam a2200000 a 4500 |
| 001 |
vtls008162825 |
| 003 |
SK-MaSNL |
| 005 |
20260302091958.0 |
| 008 |
240314s1978 xr 000 0 cze |
| 040 |
|
|
|a SNK
|b slo
|c SNK
|e AACR2
|
| 041 |
0 |
|
|a cze
|
| 044 |
|
|
|a xr
|c CZ
|
| 080 |
|
|
|a 613.4
|2 1981
|
| 080 |
|
|
|a 614(02)
|2 1981
|
| 080 |
|
|
|a 362.191
|2 1981
|
| 100 |
1 |
|
|a Šefrna, Bohumil,
|d 1926-2000
|4 aut
|9 278445
|
| 245 |
1 |
0 |
|a Dobrovolná sestra
|c Bohumil Šefrna; ilustr. Miloš Váňa
|
| 250 |
|
|
|a 2. nezm. vyd.
|
| 260 |
|
|
|a Praha
|b Naše vojsko-ČSČK
|c 1978
|
| 300 |
|
|
|a 353 s.
|b Lit. na s. 352-353.
|
| 650 |
0 |
7 |
|a zdravoveda
|2 SNKPH
|9 68172
|
| 655 |
|
7 |
|a učebnice
|2 SNKPH
|9 22521
|
| 700 |
1 |
|
|a Váňa, Miloš
|c (ilustrátor),
|4 ill
|9 9942
|
| 958 |
|
|
|a CZ
|
| 999 |
|
|
|c 1202921
|d 1204851
|
| 952 |
|
|
|a SNK
|b SNK
|y VYP
|7 0
|p 17A0527686
|o snkIC 75797 D1
|i snkKIP 2855/79
|3 rekatalogizácia
|0 0
|1 1
|4 0
|d 2006-11-14
|l 0
|r 2026-02-24 22:47:52
|w 2026-02-24
|